<?xml version="1.0" encoding="UTF-8"?>
<record
    xmlns:xsi="http://www.w3.org/2001/XMLSchema-instance"
    xsi:schemaLocation="http://www.loc.gov/MARC21/slim http://www.loc.gov/standards/marcxml/schema/MARC21slim.xsd"
    xmlns="http://www.loc.gov/MARC21/slim">

  <leader>01108nam a2200253Ia 4500</leader>
  <controlfield tag="003">OSt</controlfield>
  <controlfield tag="005">20200715121040.0</controlfield>
  <controlfield tag="008">191128s2002    wauad  gr     000 0dspa d</controlfield>
  <datafield tag="020" ind1=" " ind2=" ">
    <subfield code="a">1557759693</subfield>
  </datafield>
  <datafield tag="040" ind1=" " ind2=" ">
    <subfield code="a">CO-JMCR</subfield>
    <subfield code="c">CO-JMCR</subfield>
  </datafield>
  <datafield tag="041" ind1="0" ind2=" ">
    <subfield code="a">spa</subfield>
  </datafield>
  <datafield tag="082" ind1="0" ind2="4">
    <subfield code="a">330.9861 / </subfield>
    <subfield code="b">C937p</subfield>
    <subfield code="2">23</subfield>
  </datafield>
  <datafield tag="100" ind1="1" ind2=" ">
    <subfield code="a">Croce, Enzo, </subfield>
    <subfield code="e">autor</subfield>
    <subfield code="9">7294</subfield>
  </datafield>
  <datafield tag="245" ind1="1" ind2="0">
    <subfield code="a">Programaci&#xF3;n financiera : </subfield>
    <subfield code="b">m&#xE9;todos y aplicaci&#xF3;n al caso de Colombia /</subfield>
    <subfield code="c">Enzo Croce, Mercedes Da Costa, V. Hugo Juan Ram&#xF3;n</subfield>
  </datafield>
  <datafield tag="260" ind1=" " ind2=" ">
    <subfield code="a">Washington : </subfield>
    <subfield code="b">International Monetary Fund, </subfield>
    <subfield code="c">2002.</subfield>
  </datafield>
  <datafield tag="300" ind1=" " ind2=" ">
    <subfield code="a">ix, 263 p&#xE1;ginas : </subfield>
    <subfield code="b">ilustraciones, gr&#xE1;ficos a blanco y negro ; </subfield>
    <subfield code="c">28 cm.</subfield>
  </datafield>
  <datafield tag="504" ind1=" " ind2=" ">
    <subfield code="a">Bibliograf&#xED;a: p&#xE1;ginas 260-263.</subfield>
  </datafield>
  <datafield tag="505" ind1="0" ind2=" ">
    <subfield code="a">Sector real -- Sector monetario -- Sector fiscal -- Sector externo -- Relaciones entre las cuentas macroecon&#xF3;micas -- Proyecciones de mediano plazo y deuda externa -- Programaci&#xF3;n financiera</subfield>
  </datafield>
  <datafield tag="650" ind1="1" ind2="4">
    <subfield code="a">Finanzas internacionales</subfield>
    <subfield code="z">Colombia</subfield>
    <subfield code="9">7295</subfield>
  </datafield>
  <datafield tag="650" ind1="2" ind2="4">
    <subfield code="a">Pol&#xED;tica Econ&#xF3;mica</subfield>
    <subfield code="z">Colombia</subfield>
    <subfield code="9">6845</subfield>
  </datafield>
  <datafield tag="700" ind1="1" ind2=" ">
    <subfield code="a">Da Costa, Mercedes, </subfield>
    <subfield code="e">autor </subfield>
    <subfield code="9">7296</subfield>
  </datafield>
  <datafield tag="700" ind1="1" ind2=" ">
    <subfield code="a">Ram&#xF3;n, V. Hugo Juan, </subfield>
    <subfield code="e">autor</subfield>
    <subfield code="9">7297</subfield>
  </datafield>
  <datafield tag="942" ind1=" " ind2=" ">
    <subfield code="2">ddc</subfield>
    <subfield code="c">BK</subfield>
  </datafield>
  <datafield tag="999" ind1=" " ind2=" ">
    <subfield code="c">6301</subfield>
    <subfield code="d">6301</subfield>
  </datafield>
  <datafield tag="952" ind1=" " ind2=" ">
    <subfield code="0">0</subfield>
    <subfield code="1">0</subfield>
    <subfield code="2">ddc</subfield>
    <subfield code="3">Donaci&#xF3;n--01/01/2017--</subfield>
    <subfield code="4">0</subfield>
    <subfield code="7">0</subfield>
    <subfield code="a">CPL</subfield>
    <subfield code="b">CPL</subfield>
    <subfield code="c">GEN</subfield>
    <subfield code="d">2019-11-28</subfield>
    <subfield code="e">Donaci&#xF3;n</subfield>
    <subfield code="o">330.9861 / C937p </subfield>
    <subfield code="p">430012357</subfield>
    <subfield code="r">2024-05-16 00:00:00</subfield>
    <subfield code="t">Ej.1</subfield>
    <subfield code="w">2019-11-28</subfield>
    <subfield code="y">BK</subfield>
  </datafield>
</record>
